000 00695nam a2200217Ia 4500
003 OSt
005 20240923153807.0
008 220927b |||||||| |||| 00| 0 eng d
020 _a9780691134093
037 _b468, 11/11/2009, Pioneer Book Distributors
040 _aSDCL
_cSDCL
_beng
041 _2eng
_aeng
082 _aRxNWB,HD P6
100 _aWilliams, Bernard
_9371132
245 0 _aPhilosophy as a humanistic discipline.
260 _aNew Jersey:
_bPrinceton University Press,
_c2008.
300 _aix,227p.
650 _aPhilosophy
942 _hRxNWB,HD P6
_cTEXL
_2CC
999 _c743297
_d743297